000 00418nam a2200169Ia 4500
008 170705s9999 xx 000 0 und d
020 _a9780439830133
245 _aValley Forge /
245 _cRichard Ammon ; illustrated by Bill Farnsworth.
260 _aNew York :
260 _bScholastic,
260 _c2004
300 _a32 pages :
300 _bcolor illustration ;
300 _c28cm.
500 _a1040
999 _c336733
_d336733